000 00385nam a22001577a 4500
003 MPLRDC
005 20220104114043.0
008 210129b ||||| |||| 00| 0 eng d
082 _a830 SNET v.1
100 _a王思宇
245 _a先秦两汉诗选讲
_c
260 _a
_b中国少年儿童出版社
_c
300 _b
650 _a中国文学总集
942 _cBK
_o830 SNET v.1
999 _c4456
_d4446